<?xml version="1.0" encoding="UTF-8"?>
<collection xmlns:xsi="http://www.w3.org/2001/XMLSchema-instance" xsi:schemaLocation="http://www.loc.gov/MARC21/slim http://www.loc.gov/standards/marcxml/schema/MARC21slim.xsd" xmlns="http://www.loc.gov/MARC21/slim">
 <record>
  <leader>00000cgc a22000003a 4500</leader>
  <controlfield tag="001">UP-8027390931316279406</controlfield>
  <controlfield tag="003">Buklod</controlfield>
  <controlfield tag="005">20180702134443.0</controlfield>
  <controlfield tag="006">a     r    |||| u|</controlfield>
  <controlfield tag="007">ta</controlfield>
  <controlfield tag="008">180702s        xx     d||| |     ||   ||</controlfield>
  <datafield tag="035" ind1=" " ind2=" ">
   <subfield code="a">(iLib)UPMIN-00011366426</subfield>
  </datafield>
  <datafield tag="040" ind1=" " ind2=" ">
   <subfield code="a">upmin</subfield>
  </datafield>
  <datafield tag="041" ind1=" " ind2=" ">
   <subfield code="a">eng</subfield>
  </datafield>
  <datafield tag="090" ind1=" " ind2="0">
   <subfield code="a">Z 695 M47 2016</subfield>
  </datafield>
  <datafield tag="100" ind1="1" ind2=" ">
   <subfield code="a">Merced Jr., Briccio M.</subfield>
  </datafield>
  <datafield tag="245" ind1="0" ind2="0">
   <subfield code="a">Syndetic structure of Dabawenana subject and authority</subfield>
   <subfield code="c">Briccio M. Merced, Jr.</subfield>
  </datafield>
  <datafield tag="264" ind1=" " ind2="1">
   <subfield code="a">Davao City</subfield>
   <subfield code="b">SyndeticStructure2016PLAICongressSMX.</subfield>
  </datafield>
  <datafield tag="300" ind1=" " ind2=" ">
   <subfield code="a">35 slides.</subfield>
  </datafield>
  <datafield tag="500" ind1=" " ind2=" ">
   <subfield code="a">A powerpoint version of a paper with the same title co-presented by Dr. Briccio M. Merced, Jr., RL, University Librarian, UP Mindanao, and Ms. Salome M. Enoc, RL, Librarian, Davao City Public Library and Information Center, to the participants of the 2016 Congress of the Philippine Librarians Association, Inc. (PLAI), held November 2016 at the SMX Convention Center, Lanang, Davao City.</subfield>
  </datafield>
  <datafield tag="600" ind1="0" ind2="0">
   <subfield code="a">Enoc, Salome M.</subfield>
  </datafield>
  <datafield tag="610" ind1="0" ind2="0">
   <subfield code="a">University of the Philippines Mindanao Library.</subfield>
  </datafield>
  <datafield tag="611" ind1="0" ind2="0">
   <subfield code="a">2016 PLAI Congress.</subfield>
  </datafield>
  <datafield tag="650" ind1="1" ind2="7">
   <subfield code="a">Syndetic structure.</subfield>
  </datafield>
  <datafield tag="651" ind1=" " ind2="0">
   <subfield code="a">Davao City.</subfield>
  </datafield>
  <datafield tag="651" ind1=" " ind2="0">
   <subfield code="a">Philippines.</subfield>
  </datafield>
  <datafield tag="700" ind1="1" ind2=" ">
   <subfield code="a">Syndetic structure of Dabawenana subject and authority</subfield>
   <subfield code="c">Briccio M. Merced, Jr.</subfield>
  </datafield>
  <datafield tag="810" ind1="0" ind2=" ">
   <subfield code="a">Philippine Librarians Association, Inc.</subfield>
  </datafield>
  <datafield tag="810" ind1="0" ind2=" ">
   <subfield code="a">Enoc, Salome M.</subfield>
  </datafield>
  <datafield tag="856" ind1=" " ind2=" ">
   <subfield code="u">https://prezi.com/m1zygm2znln6/syndetic-structure-of-dabawenana-subject-and-authority-reco</subfield>
  </datafield>
  <datafield tag="856" ind1=" " ind2=" ">
   <subfield code="u">https://archive.org/details/SyndeticStructure2016PLAICongressSMXDavaoCity.</subfield>
  </datafield>
  <datafield tag="852" ind1="0" ind2=" ">
   <subfield code="a">UPMIN</subfield>
   <subfield code="b">UPMIN-MAIN</subfield>
   <subfield code="h">Z 695 M47 2016</subfield>
  </datafield>
  <datafield tag="942" ind1=" " ind2=" ">
   <subfield code="a">Visual Material</subfield>
  </datafield>
 </record>
</collection>
